Southville International School and Colleges
Your cart is empty.
  • Cart
  • Lists
    Public lists Eva Luna New books Lux_list list_1
    Your lists Log in to create your own lists
  • Log in to your account
  • Your cookies
  • Search history
Southville International School and Colleges
  • Advanced search
  • Recent comments
  • Most popular
  • Libraries

Log in to your account

Log in with GOOGLE


If you do not have an external account, but do have a local account, you can still log in:

  1. Home
  2. MARC view: Reportage on the Marcoses, 1964-1970 /
Normal view MARC view ISBD view

Reportage on the Marcoses, 1964-1970 / (Record no. 292347)

[ view plain ]
MARC details
000 -LEADER
fixed length control field 00680nam a2200229Ia 4500
008 - FIXED-LENGTH DATA ELEMENTS--GENERAL INFORMATION
fixed length control field 160319s9999 xx 000 0 und d
020 ## - INTERNATIONAL STANDARD BOOK NUMBER
International Standard Book Number 9789712728174
050 ## - LIBRARY OF CONGRESS CALL NUMBER
Classification number Fil 959.9056
050 ## - LIBRARY OF CONGRESS CALL NUMBER
Item number J62r 2013
100 ## - MAIN ENTRY--PERSONAL NAME
Personal name Joaquin, Nick
245 ## - TITLE STATEMENT
Title Reportage on the Marcoses, 1964-1970 /
245 ## - TITLE STATEMENT
Statement of responsibility, etc Quijano De Manila [i.e. Nick Joaquin]
260 ## - PUBLICATION, DISTRIBUTION, ETC. (IMPRINT)
Place of publication, distribution, etc Mandaluyong City :
260 ## - PUBLICATION, DISTRIBUTION, ETC. (IMPRINT)
Name of publisher, distributor, etc Anvil Pub. Inc.
260 ## - PUBLICATION, DISTRIBUTION, ETC. (IMPRINT)
Date of publication, distribution, etc 2013
300 ## - PHYSICAL DESCRIPTION
Extent 233 pages :
300 ## - PHYSICAL DESCRIPTION
Other physical details illustrations ;
300 ## - PHYSICAL DESCRIPTION
Dimensions 21 cm
650 ## - SUBJECT ADDED ENTRY--TOPICAL TERM
Topical term or geographic name as entry element Marcos, Ferdinand Edralin, -- 1917-1989.
650 ## - SUBJECT ADDED ENTRY--TOPICAL TERM
Topical term or geographic name as entry element Marcos, Imelda Romualdez, -- 1929-
650 ## - SUBJECT ADDED ENTRY--TOPICAL TERM
Topical term or geographic name as entry element Philippines -- Politics and government -- 1946-
Holdings
Withdrawn status Lost status Damaged status Home library Current library Shelving location Date acquired Total Checkouts Full call number Barcode Date last seen Price effective from Koha item type
      Stonyhurst Southville International School (Batangas) Stonyhurst Southville International School (Batangas) Filipiniana Section 03/19/2016   Fil 959.9056 J62r 2013 US-1937 03/19/2016 03/19/2016 Books

Reportage on the Marcoses, 1964-1970 /

APA

Joaquin N., .Reportage on the Marcoses, 1964-1970. Mandaluyong City: .

Chicago

Joaquin Nick, .Reportage on the Marcoses, 1964-1970. Mandaluyong City: .

Harvard

Joaquin N., .Reportage on the Marcoses, 1964-1970. Mandaluyong City: .

MLA

Joaquin Nick, .Mandaluyong City: . .

  • Place hold
  • Print
  • Cite
  • Add to your cart (remove)
  • Save record
    BIBTEX Dublin Core MARCXML MARC (non-Unicode/MARC-8) MARC (Unicode/UTF-8) MARC (Unicode/UTF-8, Standard) MODS (XML) RIS
  • More searches
    Search for this title in:
    Other Libraries (WorldCat) Other Databases (Google Scholar) Online Stores (Bookfinder.com) Open Library (openlibrary.org)

Exporting to Dublin Core...

SOUTHVILLE LIBRARY

Southville International School and Colleges Library

1281 Tropical Ave. Cor. Luxembourg St., BF Homes International, Las Pinas City

Tel. No. 8256374 / 252358 Loc. 117/146

Powered by Koha